00662nam a2200241 a 4500001001300000003000900013005001700022008004100039020001000080082001500090100002400105245001600129260002900145300000900174500003500183505001200218650002100230700002400251902000800275942000700283952011500290999001500405nice12345678IN_TiNIC20260116011639.0050524s1911 dela grp 000 0 urd  ac10000a297.5bRUK aRuknuddin, Mohammad aRukn-I-Deen aDelhibAfzal Pressc1911 a266p aincludes index and biblioraphy2 aReserve aPillars of Islam1 aRuknuddin, Mohammad bSRS cBK 001040708StackRoom-aHMIbHMId2007-07-04g100.00l0o297.5 RUKp07400r2007-07-04v100.00w2005-05-24yBK c3116d3116